000 00597nam a2200193Ia 4500
999 _c7201
_d7201
003 OSt
005 20191223125233.0
008 190216s9999||||xx |||||||||||||| ||und||
020 _a9788180543838
040 _coclc
082 _a338.5024658
_bVAR/M
100 _aVarshney, R L
_9633
245 0 _aManagerial Economics Text, Problem & Cases /
_c R L Varshney ; K L Maheshwari
250 _a19th ed.
260 _bSulthan Chand&Sons,
_c2005.
_aNew Delhi:
300 _a595p
700 _9683
_aMaheshwari K L
942 _cBK
_2ddc
_h338.5024658
_iVAR/M
_k338.5024658
_mVAR/M